|
|
|
|
| LEADER |
00000nab a2200000uu 4500 |
| 001 |
vtls010912336 |
| 003 |
SK-MaSNL |
| 005 |
20260303150721.0 |
| 008 |
230222|1943 xo |||||||||||||||||slo| |
| 015 |
|
|
|a SNBRB
|
| 035 |
|
|
|a (urnnbn)urn:nbn:sk:snk:ar-a086wq
|
| 035 |
|
|
|a (uuid)2a3d272c-1cb9-468c-b049-4b9a5dba271a
|
| 035 |
|
|
|a urn:nbn:sk:snk-ab91c3
|
| 040 |
|
|
|a SNKBUCL
|b slo
|c SNKBUCL
|e AACR2
|
| 041 |
0 |
|
|a slo
|
| 044 |
|
|
|a xo
|c SK
|
| 100 |
1 |
|
|a Strelka, František
|4 aut
|9 366734
|
| 245 |
1 |
0 |
|a Zrenie a školenie ovocného vína
|c František Strelka
|
| 773 |
0 |
|
|t Slovenské ovocinárstvo : odborný časopis pre povznesenie ovocinárstva, vinohradníctva a záhradníctva : orgán Slovenskej ovocinárskej spoločnosti a jej odbočiek
|g Roč. 20, č. 467-468 (1943), s. 150-151
|
| 954 |
|
|
|a odborná, vedecká literatúra pôvodná (slovenská)
|2 lita
|
| 958 |
|
|
|a OND
|
| 958 |
|
|
|a EUIPO
|
| 958 |
|
|
|a article10
|
| 999 |
|
|
|c 2012804
|d 2014734
|